"L" Antonyms - Statistics

General Stats
  • This quiz has been taken 175 times
  • The average score is 18 of 20
Answer Stats
Word L Antonyms % Correct
First Last
100%
Early Late
100%
Win Lose
100%
High Low
100%
More Less
99%
Dark Light
99%
Die Live
99%
Hate Love
99%
Short Long
98%
Quiet Loud
98%
Right Left
97%
Big Little
96%
Death Life
95%
Gentleman Lady
93%
Cry Laugh
93%
Most Least
91%
Solid Liquid
88%
Tenant Landlord
76%
Diligent Lazy
60%
Buy Lease
58%
No matching quizzes found
Score Distribution
Percent of People with Each Score
Percentile by Number Answered
Your Score History
You have not taken this quiz